000 00618nam a2200229Ia 4500
003 OSt
005 20221007073512.0
006 a|||||r|||| 00| 0
007 ta
008 221006b |||||||| |||| 00| 0 eng d
024 _a2,116
037 _cTextual
040 _aFLL
_cFLL
_beng
041 _2eng
_aeng
082 _aY5:1:6, M4
100 _aSivaramayya B. Au.
245 0 _aInequalites and the law
260 _aLucknow
_bEastern book company India
_c1984
650 _aInequalites and the law
_9692270
942 _hY5:1:6, M4
_cTEXL
_2CC
999 _c1148955
_d1148955